000 00365 a2200157 4500
001 46475
020 _a9788578480646
040 _cAnchieta - Aquarius
100 _aVillas Boas, Marion
240 1 0 _aO menino que queria saber
_lpor
245 1 0 _aO menino que queria saber
300 _a
362 0 _a2011
650 4 _aLiteratura infanto-juvenil
942 _cBK
999 _c46475
_d46475